000 00374nam a2200157Ia 4500
008 240729s9999 xx 000 0 und d
022 _a2571-631X
245 0 _aVibration
260 _aSwitzerland
260 _bMDPI AG
650 _a Physics
650 _aScience
856 _uhttps://doaj.org/toc/f27588f1305c41a2ad700bfb7ca712f8
942 _2ddc
942 _cDOAJEJ
999 _c67863
_d67863
945 _a1
_bMadushi Gamage
_c1
_dMadushi Gamage